Normal view MARC view
  • Robert Dash

Entry Personal Name

Number of records used in: 2

001 - CONTROL NUMBER

  • control field: 9321

003 - CONTROL NUMBER IDENTIFIER

  • control field: NUST

005 - DATE AND TIME OF LATEST TRANSACTION

  • control field: 20180121111156.0

008 - FIXED-LENGTH DATA ELEMENTS

  • fixed length control field: 180121|| aca||aabn | a|a d

040 ## - CATALOGING SOURCE

  • Original cataloging agency: NUST
  • Transcribing agency: NUST

100 ## - HEADING--PERSONAL NAME

  • Personal name: Robert Dash

670 ## - SOURCE DATA FOUND

  • Source citation: Work cat.: (NUST)320910: Robert Dash, Notes From Madoo : Making a Garden in the Hamptons, 2000
© 2023 Central Library, National University of Sciences and Technology. All Rights Reserved.